Guerras que ocorreram de 1850 até 1900 - Statistics

Estatísticas Gerais
  • Esse quiz foi jogado 69 vezes
  • A pontuação média é 5 de 6
Estatísticas das Respostas
Hint Resposta % Correto
Guerra Civil Americana (1861–1865) Estados Unidos
98%
Guerra do Paraguai (1864–1870) Paraguai
98%
Guerras Anglo-Afegãs (1878–1880) Afeganistão
92%
Guerra da Crimeia (1853–1856) Russia
89%
Segunda Guerra do Ópio (1856–1860) China
84%
Guerras Anglo-Zulus (1879) Africa do Sul
56%
Nenhum quiz correspondente encontrado
Distribuição das Pontuações
Porcentagem de Pessoas com Cada Pontuação
Percentil de Números Respondidos
Sua Pontuação Histórica
Você não jogou esse quiz